Fr. Conceicao Rodrigues College of Engineering

Web development with Javascript and AJAX illuminated (Record no. 27192)

MARC details
000 -LEADER
fixed length control field 00364nam a2200157Ia 4500
082 ## - DEWEY DECIMAL CLASSIFICATION NUMBER
Classification number 5.133
Item number ALL
100 ## - MAIN ENTRY--PERSONAL NAME
Personal name Allen/Richard/ Qian/K
245 ## - TITLE STATEMENT
Title Web development with Javascript and AJAX illuminated
260 ## - PUBLICATION, DISTRIBUTION, ETC.
Name of publisher, distributor, etc. Jones and Bartlett
Date of publication, distribution, etc. 2010
366 ## - TRADE AVAILABILITY INFORMATION
Publishers's discount category 20
300 ## - PHYSICAL DESCRIPTION
Extent 497
546 ## - LANGUAGE NOTE
Language note ENGLISH
-- electronics
650 ## - SUBJECT ADDED ENTRY--TOPICAL TERM
Topical term or geographic name entry element WEB
942 ## - ADDED ENTRY ELEMENTS (KOHA)
Koha item type BOOK
Holdings
Withdrawn status Lost status Damaged status Not for loan Collection Home library Current library Date acquired Source of acquisition Cost, normal purchase price Inventory number Total Checkouts Full call number Barcode Date last seen Cost, replacement price Price effective from Koha item type
        CRC Fr. Agnel's C.Rodrigues College of Engineering Fr. Agnel's C.Rodrigues College of Engineering 17/03/2023 Book Base 396.00 10811 dt 26/04/2011   5.133 ALL 21621 17/03/2023 495.00   BOOK